| 000 | 00485nam a22001817a 4500 | ||
|---|---|---|---|
| 003 | CEME | ||
| 005 | 20210628202525.0 | ||
| 008 | 210121b xxu||||| |||| 00| 0 eng d | ||
| 020 | _a0-932633-08-0 | ||
| 040 | _cceme | ||
| 082 | _a658 WEI | ||
| 100 |
_aWeinberg, Gerald.M _960328 |
||
| 245 | _aRethinking systems analysis and design | ||
| 260 |
_aNEW YORK _bDORSET HOUSE PUBLISHNG _c1988 |
||
| 300 | _aXIII,193 P | ||
| 650 |
_aSYSTEMS ANALYSIS AND DESIGN _960329 |
||
| 942 |
_cBK _2ddc |
||
| 999 |
_c570081 _d570081 |
||